[Event "Candidates qf4"]
[Site "Brussels"]
[Date "1991.??.??"]
[Round "3"]
[White "Anand, Viswanathan"]
[Black "Karpov, Anatoly"]
[Result "1/2-1/2"]
[WhiteElo "2650"]
[BlackElo "2730"]
[Annotator "Hansen,Cu"]
[PlyCount "94"]
[EventDate "1991.08.??"]
[EventType "match"]
[EventRounds "8"]
[EventCountry "BEL"]
[SourceTitle "Candidates"]
[Source "ChessBase"]
[SourceDate "1999.07.01"]
[SourceVersion "2"]
[SourceVersionDate "1999.07.01"]
[SourceQuality "1"]

1. e4 {Blatny,P} c6 2. Nc3 d5 3. Nf3 Bg4 4. h3 Bxf3 5. Qxf3 e6 6. d3 Nd7 (6...
Nf6 7. a3 Bc5 8. e5 Nfd7 9. Qg3 Bd4 10. f4 O-O 11. Ne2 Bb6 12. Be3 Bxe3 13.
Qxe3 Qb6 14. Qxb6 axb6 $10 {Hickl,J-Schlosser,P Altensteig 1990}) 7. Be2 {N} (
7. Bd2 Bd6 8. d4 a6 9. O-O-O b5 10. Bd3 Ne7 $13 {Planinc,A-Petrosjan,T 1972})
7... g6 8. O-O Bg7 9. Qg3 {/\f2-f4} Qb6 10. Kh1 Ne7 11. f4 f5 (11... O-O $2 {
Blatny,P} 12. f5 exf5 13. exf5 Nxf5 14. Rxf5 gxf5 15. Bh6 $18) 12. e5 $10 d4 $6
{><c4,/^h1-a8} 13. Nb1 Nd5 14. Na3 Bf8 (14... Qc7 {Blatny,P} 15. Qf2 {><d4})
15. Nc4 Qc7 16. a4 N7b6 17. Qf2 Nxc4 18. dxc4 Nb4 19. Bf3 Bc5 20. Rd1 {/\c3}
Qe7 21. Qe2 a5 (21... O-O $142 $10 {Blatny,P}) 22. c3 $1 dxc3 23. bxc3 Na6 24.
Be3 $1 {><d6} Bxe3 25. Qxe3 Qc5 26. Qd4 Kf7 $8 (26... O-O 27. Qd7 {><b7,e6}) (
26... Qe7 {Blatny,P} 27. Qb6) (26... Qxd4 {Blatny,P} 27. cxd4 {/\d4-d5 |^}) 27.
Rab1 Rab8 28. Rb6 Qe7 $6 (28... Qxd4 29. cxd4 Nb4 $16 (29... Nb4 {Blatny,P} 30.
d5 $36)) (28... Rhd8 {Blatny,P} 29. Rxb7+ $18) (28... Rhc8 {Blatny,P} 29. Qd7+
Qe7 30. Rxb7 $1 $18) 29. Bxc6 bxc6 (29... Rhd8 {Blatny,P} 30. Bd7 $1 Nc5 31.
Rd6 $18) 30. Rxa6 $18 {><c6,a5, עf7} Rhd8 31. Qg1 (31. Ra7 {Blatny,P} Rxd4 32.
Rxe7+ Kxe7 33. cxd4 Rb4 $132) 31... Rxd1 32. Qxd1 Rd8 33. Qf3 Qa3 34. Kh2 (34.
Ra7+ {Blatny,P} Kg8 35. Qxc6 Qc1+ $10) 34... Rd7 35. Qxc6 Re7 36. Ra8 {/\Dc8}
Qc1 (36... Qxc3 {Blatny,P} 37. Qc8 $18) 37. Qf3 Kg7 38. Rd8 (38. c5 $1 Rd7 (
38... Qa3 39. Rxa5) 39. c6 Rd1 40. Ra7+ (40. c7 $1 {Blatny,P} Rh1+ 41. Kg3 Qe1+
(41... g5 42. Rg8+ $18) (41... h5 42. Rg8+ Kf7 43. Kh4) 42. Qf2 Qxc3+ 43. Kh4
g5+ 44. Kxg5 Rxh3 45. gxh3 Qxh3 46. Rg8+ Kf7 47. Qh4 Qg2+ 48. Kh6 $18) 40...
Kh6 (40... Kf8 41. Qxd1 Qxd1 42. c7 $18) 41. c7 Rh1+ 42. Kg3 Qe1+ (42... g5 $1
43. c8=Q Qe1+ 44. Qf2 gxf4+ 45. Kf3 Qe4#) 43. Qf2 Qxc3+ 44. Kh4 Rc1 (44... g5+
45. fxg5+ Kg6 46. c8=Q $1 Qxc8 47. Qe2 $18 {/\Dh5#}) 45. c8=Q Qxc8 46. Qg3 Rc7
(46... Qd8+ 47. Qg5+ Qxg5+ 48. fxg5#) 47. Qg5+ Kg7 48. Qf6+ Kg8 (48... Kh6 49.
g4) 49. Rxc7 Qxc7 50. Qxe6+ Kg7 51. Qf6+ Kg8 52. Kg5 $18) (38. Rb8 {Blatny,P}
Qa3 (38... Kh6 39. Qg3) 39. Rb7 Rxb7 40. Qxb7+ Kh6 41. Qf7 Qxc3 42. Qf8+ Kh5
43. Qg7 {/\#}) 38... Rc7 39. c5 Qa3 (39... Rxc5 {Blatny,P} 40. Rd7+ Kh6 41. Qg3
) 40. Qa8 (40. Rc8 {Blatny,P} Rxc8 (40... Qxc5 41. Qb7 Rxb7 42. Rxc5 $18) 41.
Qb7+ Kh6 42. Qxc8 Qxa4 43. Qf8+ Kh5 44. g4+ fxg4 45. Kg3 Qd1 (45... gxh3 46.
Qg7 h6 47. Qf6 $18)) 40... Qxc5 41. Rg8+ Kh6 42. Qd8 Qe7 (42... Re7 {Blatny,P}
43. Qf8+ Kh5 44. Rxg6 $1 {/\#}) 43. Qd2 (43. Qxe7 {Blatny,P} Rxe7 44. g4 Rc7 (
44... fxg4 $2 45. hxg4 Rc7 46. Kh3 $1 Rc4 47. Kg3 Rxa4 (47... Rxc3+ 48. Kh4 {
/\#}) (47... Re4 48. Re8 Rxa4 49. Re7 $18) 48. g5+ Kh5 49. Rh8 $18) 45. g5+ (
45. Kg3 Rc4 $1 46. g5+ (46. Re8 Rxc3+ 47. Kh4 Rf3) 46... Kh5 47. Rg7 Rxc3+ 48.
Kg2 (48. Kf2 Rxh3) 48... h6 $1 49. Rh7 Rg3+ $3 50. Kf2 Rxh3) 45... Kh5 46. Rh8
Kh4 47. c4 h5 48. gxh6 Rxc4 49. h7 Rc2+ 50. Kg1 Kg3 $1 51. Kf1 Rc7 $10) 43...
Rc4 (43... Qf7 $5 {Blatny,P}) (43... Rd7 {Blatny,P /\Rd8}) 44. Qd6 Qf7 (44...
Rc7 45. c4 (45. c4 {Blatny,P} Rd7 46. Qb6 Qf7 47. Rd8 Rc7 48. c5 $18)) (44...
Qb7 {Blatny,P} 45. Qf8+ Kh5 46. Rxg6 $1) 45. Rf8 $2 (45. Qd8 {/\Qh4#} Rxf4 46.
g4 $1 $18 {/\Qh4#}) 45... Qb7 $132 46. Qd8 (46. Rg8 $5 {Blatny,P} Qe4 (46...
Qf7 47. Qd8 $18) 47. Qf8+ Kh5 48. Rxg6 $1 Qxf4+ (48... Kxg6 49. Qf6+ Kh5 50.
Qg5#) 49. Rg3 h6 $3 (49... Rc7 50. Qe8+ Kh6 51. Qxe6+ Kh5 52. Qd5 $1 {/\Qf3+;
Qd1+} Re7 53. Qd1+ Kh4 54. Qd4 $1 $18) 50. Qe8+ Kh4 51. Qe7+ (51. Qd8+ Kh5 52.
Qd1+ Kh4 53. Qd8+ $10) 51... Kh5 52. Qxe6 Rxc3 53. Qg6+ Kh4 54. Qf6+ $10) 46...
Qe4 (46... Rxf4 $2 {Blatny,P} 47. Qd2) 47. Qh4+ Kg7 1/2-1/2

[Event "Qatar Masters op"]
[Site "Doha"]
[Date "2014.12.03"]
[Round "8"]
[White "Vachier Lagrave, Maxime"]
[Black "Shankland, Samuel L"]
[Result "1/2-1/2"]
[WhiteElo "2751"]
[BlackElo "2642"]
[Annotator "Havasi,G"]
[PlyCount "90"]
[EventDate "2014.11.26"]
[EventType "swiss"]
[EventRounds "9"]
[EventCountry "QAT"]
[SourceTitle "CBM 164"]
[Source "ChessBase"]
[SourceDate "2015.01.15"]
[SourceVersion "1"]
[SourceVersionDate "2015.01.15"]
[SourceQuality "1"]

1. e4 c6 2. Nf3 d5 3. Nc3 Bg4 4. h3 Bxf3 5. Qxf3 e6 6. d4 {I wrote an article
about this line in CBM 161. White wants to play positionally, trying to get
some advantage in a quiet position.} dxe4 7. Qxe4 Nf6 8. Qh4 ({I recommended} 
8. Qd3 {in my article, as the Q is less vulnerable on d3, than on h4.}) 8...
Nbd7 (8... Be7 {is also possible} 9. Bd3 Nbd7 10. O-O O-O 11. Bg5 (11. Qg3 {
is more solid}) 11... g6 12. Bh6 Re8 13. Ne2 e5 $1 $132 {1-0 (53) Carlsen,M 
(2837)-Ivanchuk,V (2769) Astana 2012. This is what I meant, if the Q is on d3,
the B is on e2 and the N is f3, this break isn't so effective.}) 9. Bd2 g6 $146
{This is the novelty. Black develops the bishop to g7, which may look a
"stupid" place for the bishop, but Black's idea is to develop the bishop to a
square which will allow him the possibility of playing ...Nd5 exchanging the
queens.} (9... Bb4 {was played before} 10. a3 Be7 11. Bd3 e5 12. O-O-O exd4 13.
Qxd4 $14 {1-0 (48) Muzychuk,A (2582)-Gunina,V (2490) Caleta 2013}) (9... Nd5 {
is also good. If you know, that the exchange of the queens almost always
favours Black in the Caro-Kann, this move is logical.} 10. Qxd8+ Rxd8 11. Nxd5
cxd5 $13) 10. Bd3 Bg7 11. O-O Nd5 {Black exchanges the queens.} (11... O-O {
is also good, Nd5 will be possible after this move, too.}) 12. Qxd8+ Rxd8 13.
Nxd5 cxd5 14. c3 {This is a typical structure, the computer likes White's
position, but Black will start a minority attack on the queenside.} O-O (14...
Nb6 {is also good to go to c4 with the knight.}) 15. a4 {White is acting
against Black's b5-b4 plan.} a6 (15... Nb6 $1 {seems a precise manoeuvre} 16.
b3 Nc8 $1 {followed by Nd6, the knight on d3 (d6) is very good in this kind of
structure.}) 16. a5 $1 {We can be sure, that there won't be any minority
attack.} e5 {Black tries to play actively in the centre and creates a weak
pawn on d4.} ({If Black tries to get his knight to d6, White has good
resources:} 16... Nf6 $6 17. Ra4 $1 Ne8 18. Rb4 $36) (16... Nb8 {is a quieter
move, Black has nothing to worry about.}) 17. Ra4 $1 exd4 18. cxd4 Nb8 $1 {
A very good move, the knight is going to c6.} 19. Rc1 $1 {A very good tricky
move, white prevents Nc6.} Rc8 {Black wants to play Nc6.} (19... Nc6 20. Bxa6
$16) (19... f5 {was also a very good possibility, Black prepares the
possibility of Rf7.}) 20. Rb4 $1 {White needs to play this move, otherwise Nc6
will be played.} Rxc1+ 21. Bxc1 Nc6 22. Rxb7 Nxa5 $1 23. Rb4 (23. Rd7 Nc6 $1 {
works} 24. Be3 a5 25. Rd6 Nxd4 26. Rxd5 Nc6 $11) 23... Nc6 24. Rb6 Rc8 {
This move leads to an endgame, but in the resulting position, the B pair can
be dangerous. However, if Black plays accurately, it's also nothing special.} (
24... Nxd4 {is a simpler move} 25. Bxa6 Re8 $11 {White has the B pair, but in
this position, this isn't of great importance.}) 25. Bxa6 Bxd4 26. Bxc8 Bxb6
27. Bd7 (27. Bb7 Nb4 $1 {is the key defensive move} 28. Bd2 Bc5 $11 {, when
White can only make progress by playing Bxb4, but it's a draw.}) 27... Nb4 28.
Bb5 f5 29. Bd2 Bc5 $11 30. g4 (30. Kf1 Kf7 $11) 30... fxg4 31. hxg4 Kf7 32. Kg2
Ke6 33. f4 Nc2 34. g5 Bb4 35. Bxb4 Nxb4 36. Kf3 Kd6 37. Ke3 Nc2+ 38. Kd2 Nd4
39. Bd3 Ne6 40. Ke3 Kc5 41. Be2 Nd8 42. b4+ Kxb4 43. Kd4 Nc6+ 44. Kxd5 Kc3 45.
Kxc6 {Draw agreed:} Kd4 $11 1/2-1/2

[Event "USA-ch"]
[Site "Saint Louis"]
[Date "2016.04.18"]
[Round "5"]
[White "Nakamura, Hikaru"]
[Black "Shankland, Samuel L"]
[Result "1-0"]
[WhiteElo "2787"]
[BlackElo "2656"]
[Annotator "Iotov,V"]
[PlyCount "73"]
[EventDate "2016.04.14"]
[EventType "tourn"]
[EventRounds "11"]
[EventCountry "USA"]
[EventCategory "17"]
[SourceTitle "CBM 172"]
[Source "ChessBase"]
[SourceDate "2016.05.12"]
[SourceVersion "1"]
[SourceVersionDate "2016.05.12"]
[SourceQuality "1"]

1. e4 c6 2. Nc3 d5 3. Nf3 Bg4 4. h3 Bxf3 5. Qxf3 e6 (5... Nf6 $5 6. Be2 e6 7.
O-O d4 8. Nb1 Nbd7 9. d3 Bd6 10. Bd1 Qc7 11. Qe2 Bh2+ 12. Kh1 Bf4 13. Nd2 e5
14. c3 dxc3 15. bxc3 O-O {0-1 Zhang Zhong (2633)-Wang Hao (2717)/Ho Chi Minh
City VIE 2016}) 6. g3 g6 7. d4 Bg7 8. Be3 Nf6 9. Bg2 O-O 10. O-O Na6 $6 {
Shankland completely ignores Nakamura's game plan with e4-e5 and pays the
ultimate price. The pawn structure which appears after 10...Na6 leaves the
knight on a less than desirable place which will force Shankland to waste two
more moves: Nb4-Nc6 to redirect his knight to its rightful place.} (10... dxe4
$1 11. Nxe4 Nbd7 12. Nxf6+ Nxf6 13. c4 Qa5 14. Rfd1 Rad8 $14 {with a solid
position for Black. This is a typical position which Black seeks to achieve
from a variety of openings. Often in chess Black doesn't have the luxury of
avoiding slightly worse positions just because the player is not comfortable
with staying in one place.}) (10... Qb6 11. e5 $1 (11. Rab1 dxe4 12. Nxe4 Nd5
13. Bg5 h6 14. Bf6 Nxf6 15. Nxf6+ Kh8 $1 16. Rfd1 Qc7 17. h4 h5 18. b4 Nd7 19.
Nxd7 Qxd7 20. a4 Kg8 $11) 11... Nfd7 12. Rab1 {[%cal Gb2b4]} Qa6 (12... c5 13.
Nxd5 exd5 14. Qxd5 a5 15. c3 $1 Qc6 16. Qb3 a4 17. Qxb7 Qxb7 18. Bxb7 Ra7 19.
Bg2 $16) (12... a5 $6 13. Qd1 $16) 13. Rfd1 c5 (13... b5 $5) (13... f6 14. Qg4
Re8 15. f4 f5 16. Qg5 $1 $16) 14. Nxd5 exd5 15. Qxd5 cxd4 16. Bxd4 Nc6 17. Qxd7
Rad8 18. Qg4 Nxd4 19. Rxd4 Bxe5 20. Ra4 Qf6 21. c3 $16) 11. e5 $1 Nd7 12. Qd1
$1 {Sometimes the most active option is to go back to square one! By not
developing the queen on e2 White reserves this square for the future "Ne2-Nd4"
maneuver.} c5 13. f4 cxd4 14. Bxd4 Nb4 15. Ne2 Qc7 (15... Rc8 $5 {An
interesting move to no real avail.} 16. c3 Nc6 17. Be3 (17. Bf2 $5) 17... Qa5
$1 18. Kh1 (18. Nd4 $6 Nxd4 19. Bxd4 Nb8 20. Kh1 Nc6 21. Bg1 Rfd8 $132) (18. b4
$6 Qc7 19. Kh1 Nb6 $15) 18... Rfd8 19. Bg1 b5 20. b4 (20. a3 Qa4 $1 $132) 20...
Qa4 $1 (20... Qa3 21. Qb3 Qxb3 22. axb3 f6 23. Nd4 $1 (23. exf6 Nxf6 24. Rfd1
Ne4 25. Bxe4 dxe4 26. Rxd8+ Rxd8 27. Ra6 Ne7 $1 28. Rxe6 Rd2 29. Rxe7 Rxe2 30.
c4 Bf8 31. Rxa7 bxc4 32. bxc4 Bxb4 33. c5 Rc2 34. Ra4 Bxc5 35. Bxc5 Rxc5 36.
Rxe4 g5 $11) 23... Nxd4 24. cxd4 Rc7 25. Ra6 Nf8 26. Rfa1 $16) 21. Qxa4 bxa4
22. Rfc1 Nb6 23. Nd4 Nc4 24. Nxc6 Rxc6 25. Bxa7 f6 26. exf6 Bxf6 27. b5 Rc7 28.
Bg1 (28. Bd4 Kf7 29. Rab1 Bxd4 30. cxd4 Rdc8 31. Bf1 Nb6 $11) 28... Rb8 29.
Rab1 Rcb7 30. b6 Bd8 31. Re1 Kf7 32. g4 Bxb6 33. f5 Bxg1 34. Rxb7+ Rxb7 35.
Kxg1 $1 $14) 16. c3 Nc6 17. Be3 Rfc8 (17... f6 18. exf6 Nxf6 19. Qc2 $16) (
17... Nb6 18. b3 $16 {[%csl Rb6]}) 18. Kh1 b5 19. Rc1 Bf8 $2 {A logical move
can indeed be a decisive mistake! By playing 19...Bf8, Shankland leaves his
king too exposed to the future f5-blow!} (19... Qa5 $1 {Possibly the last
chance for any reasonable counterplay!} 20. b3 $1 (20. a3 Nb6 21. Bg1 Nc4 22.
Rc2 Qd8 $1 23. Nd4 a5 24. Nxb5 a4 25. Nd4 Rab8 26. Qe2 Nxd4 27. Bxd4 Rb3 28.
Ra1 Rcb8 29. Ra2 Qc7 $11) 20... Qxa2 $1 (20... Rab8 21. Qd2 Rc7 22. g4 Rbc8 23.
h4 Qa6 24. h5 Bf8 25. f5 Ncxe5 26. Nf4 $40) 21. c4 bxc4 22. bxc4 Ne7 23. Nc3
Qa3 24. Bf2 (24. cxd5 Rxc3 25. Rxc3 Qxc3 26. dxe6 Rd8 27. exf7+ Kxf7 $1 28. Bg1
Qb4 $1 $132) 24... Nb6 25. Nb5 Qb4 26. Nd6 Rxc4 27. Rb1 Qc3 28. Nxc4 Nxc4 $44)
20. g4 Bc5 {I don't consider this move to be a mistake, yet I do not see any
decent counterplay after it. Conclusion: Black's position is flawed by default.
} (20... Nc5 21. Nd4 Qb7 22. Qe2 (22. f5 $6 Nxe5 23. fxe6 Nxe6 24. Nxe6 fxe6
25. Bd4 Nf7 $11) 22... Ne4 $5 (22... Nxd4 23. Bxd4 Rc7 24. f5 Rac8 25. Qe3 $16)
23. Bxe4 (23. Kh2 $5) 23... dxe4 24. Nb3 b4 25. c4 Rd8 26. Qg2 Qa6 (26... Rd3
27. Rce1 Rad8 28. Qxe4 a5 29. f5 a4 30. Nc1 R3d7 31. fxe6 fxe6 32. b3 $16) 27.
Nd2 Qxa2 (27... Rd3 28. Qxe4 Rad8 29. Nf3 Qxa2 30. f5 exf5 31. gxf5 Qb3 32.
Rce1 Ne7 33. e6 f6 34. Ne5 $1 fxe5 35. f6 Qxb2 36. Qb7 Rd2 $1 37. Bxd2 Rxd2 38.
fxe7 Bxe7 39. Qb8+ Rd8 40. Qxe5 Qb3 41. Rf7 Qxh3+ 42. Qh2 Qxh2+ 43. Kxh2 Re8
44. Kg2 $1 a5 45. Ra1 Bf8 46. Rxa5 Rxe6 47. Rc7 $18) 28. Nxe4 Rac8 29. f5 $40)
({A logical alternative which changes practically nothing:} 20... Nb6 21. Bg1
$40) 21. Nd4 Qb6 22. Bg1 b4 $6 {Not the best move, but not so bad as to change
the dynamics of the positon. There is simply no escape from White's attack.} (
22... Re8 23. b4 $1 Bxd4 24. cxd4 $16 {Without the dark-squared bishop - the
guardian protector of the black king - there seems to be no hope!}) (22... Nxd4
23. cxd4 Be7 24. f5 $40) (22... Ne7 23. f5 $40) 23. f5 $1 $18 bxc3 (23... Ncxe5
24. fxe6 fxe6 25. Nxe6 Bxg1 26. Rxg1 bxc3 27. bxc3 $18) (23... Nxd4 24. cxd4
Be7 25. Rxc8+ Rxc8 26. Qf3 Rf8 27. Be3 $18) 24. bxc3 Ncxe5 (24... Nxd4 25. cxd4
Be7 26. Rxc8+ Rxc8 27. Qf3 Rf8 28. Be3 g5 29. h4 $1 gxh4 30. f6 Bb4 31. Qf2 $18
) 25. fxe6 fxe6 26. Nxe6 Bxg1 27. Rxg1 Kh8 28. Qxd5 Rab8 29. Rge1 {The rest is
a matter of technique.} Qb2 30. c4 Rb6 31. c5 Rbc6 32. Rcd1 h6 33. Nf4 Rf6 34.
Nd3 Nxd3 35. Qxd7 Nf2+ 36. Kg1 Rcf8 37. Qd2 {A perfect game! There is no
evidence to suggest that Nakamura made even a slight mistake in this game!
Shankland played logical moves for most of the game, but what ultimately cost
him the game was the pawn structure he went for. His biggest mistake - 10...
Na6 - forced him into a long term worse position with less than enough
practical counterplay.} 1-0

[Event "Sarajevo Bosnia 29th"]
[Site "Sarajevo"]
[Date "1999.05.24"]
[Round "7"]
[White "Short, Nigel D"]
[Black "Leko, Peter"]
[Result "0-1"]
[WhiteElo "2695"]
[BlackElo "2690"]
[Annotator "Lukacs,P"]
[PlyCount "88"]
[EventDate "1999.05.17"]
[EventType "tourn"]
[EventRounds "9"]
[EventCountry "BIH"]
[EventCategory "19"]
[SourceTitle "CBM 071"]
[Source "ChessBase"]
[SourceDate "1999.08.01"]
[SourceVersion "1"]
[SourceVersionDate "1999.08.01"]
[SourceQuality "1"]

1. e4 c6 2. Nc3 d5 3. d3 {This is not a very pretensious plan, White wants to
play a closed middlegame position.} (3. Nf3 Bg4) 3... g6 4. g3 (4. Qe2 Bg7 5.
g3 dxe4 6. dxe4 e5 {In this type of position the N on c3 is a bit unfortunate.}
7. Be3 Nf6 8. Rd1 Qa5 9. f3 Nbd7 10. Qf2 O-O 11. Nge2 Re8 $11 {Suttles-T.
Petrosian, Siegen olm 1970}) 4... Bg7 5. Bg2 Nf6 $2 {This careless developing
move allows White to grab the |^ in the [+].} (5... dxe4 6. dxe4 Qxd1+ 7. Nxd1
e5 $11 {was the simple continuation with equality.}) 6. e5 $1 {Suddenly White
changes the course of the game!} (6. Nge2 {is too quiet, for example:} O-O 7.
O-O e5 {Now Black has a strong central P formation.} 8. Bg5 {White wants to
put pressure on >< d5, but Black can easily defend it.} Be6 9. Qd2 dxe4 10.
Nxe4 Nxe4 $1 11. Bxe4 Qb6 12. Be3 Qc7 13. f4 f5 14. Bg2 Nd7 $15 {
Novkovic-Kranz, AUT-chT Vorarlberg 1997}) 6... Ng4 (6... Nfd7 {is also met by}
7. f4) 7. f4 f6 {Black has to blow up White's [+] without losing time.} 8. Nf3
$1 {White holds his forepost on e5, which reduces the sphere of the B.} fxe5 9.
h3 Nh6 (9... e4 $2 10. dxe4 dxe4 11. Qxd8+ Kxd8 12. Ng5 Nh6 13. g4 $16) 10.
fxe5 Nf7 11. Qe2 e6 (11... Be6 $6 12. Nd4 Qd7 13. Nxe6 Qxe6 14. d4 Na6 15. h4
$18 {/\ Bh3}) 12. h4 $1 {White wants to secure the place of his B on f4
overprotecting the key square e5.} h6 $1 (12... Nd7 13. Bf4 $1 (13. d4 {allows}
c5 $5 14. Nxd5 cxd4 $1 (14... exd5 15. e6 $18)) 13... h6 14. O-O-O {and the P
on e5 paralizes the Black pieces.}) 13. d4 $16 Rg8 {Leko defends himself very
well!} (13... Nd7 $6 14. Qd3 {>< g6} Nf8 15. Ne2 $16) 14. Be3 $2 {White wants
to castle <<, but his K would be in safety on the >>!} (14. Qd3 {is parried by}
Bf8) (14. h5 $1 {was the energetic continuation.} g5 {Black has to keep the
position closed.} (14... gxh5 15. Nh4 $18) 15. O-O $1 {Now the K is safe on
the >>, and White can continue his -> without giving any counterchances.} b6 $1
(15... Nd7 16. Be3 Qe7 17. Nh2 {/\ Ng4} (17. Qd3 $5 {/\ Qh7}) 17... b6 (17...
c5 18. Ng4) 18. Ng4 Bb7 19. Rf2 O-O-O 20. Raf1 Rdf8 21. Nf6 $18) 16. Qd3 $1 Ba6
17. Qh7 {This is an annoying penetration!} Kf8 18. Rf2 $16) 14... b6 $1 {
The B has to be activated on the /^ f1-a6.} (14... Nd7 $6 15. h5 $1 g5 16. O-O
$16) 15. O-O-O {Now castling kingside was already impossible.} Ba6 16. Qd2 Qe7
(16... Nd7 17. Ne2) 17. Ne2 Nd7 18. Nf4 Nf8 $13 19. Qc3 (19. Bh3 O-O-O) 19...
Kd7 {If the [+] is closed, the K is usually safe there.} 20. Bh3 Rc8 21. Rd2
Rc7 22. Rf2 Kc8 23. a3 Kb8 {Black has brought his K into complete safety now.}
24. Qb4 Qe8 {Black has to avoid the exchange of queens.} (24... Qxb4 $2 25.
axb4 {is a favourable _|_ for White.} Re7 26. Nh2 {/\ Ne6} Bc8 27. Ng4 $16) 25.
Nd2 Nd8 26. Bf1 (26. Bg4 Nb7 {/\ c5}) (26. c4 $5) 26... Bxf1 27. Rhxf1 Nb7 28.
Nd3 Nd7 29. Kb1 Rf8 30. c4 Rxf2 31. Rxf2 {[#]} g5 $1 {Suddenly Black comes out
of passivity and his Q becomes very dangerous.} 32. hxg5 Qg6 33. Qb3 (33. Qc3
c5 $5) (33. Ka2 $5 {was a radical solution to solve the problem of the pin.}
hxg5 (33... Qxd3 $6 34. gxh6 Bxh6 (34... Qxe3 35. hxg7 Qg5 (35... Rc8 36. Rf8
$1) 36. Rf8+ $1) 35. Bxh6 Qxg3 (35... Qxd4 36. Rf7) 36. Rf7 Qg6 37. Qe7 $1) 34.
Qb3) 33... c5 $1 {suddenly again Black grabs the |^ and his pieces look like
the ghost from the bottle.} (33... hxg5 34. Ka2) 34. gxh6 Bxh6 35. Bxh6 cxd4 $1
{[#] This is a witty Zwischenzug again!} (35... Qxh6 $2 36. cxd5) 36. Rf8+ $1 {
White has to play accurately.} (36. Ka2 {is met by} Na5 $1 (36... Qxh6 37. cxd5
) (36... dxc4 37. Nxc4 Qxh6) 37. Qc2 Qxh6 ({but certainly not} 37... dxc4 $4
38. Nb4 $1 Qxh6 (38... Qxc2 39. Nxc2 Nxe5 40. Bf4 Nac6 41. Nxd4 $18) 39. Na6+
Kb7 40. Nxc7 Kxc7 41. Nxc4 $18)) 36... Nxf8 37. Bxf8 Na5 $1 38. Qc2 Nxc4 (38...
dxc4 39. Nb4) 39. Nxc4 Rxc4 (39... dxc4 40. Nb4 d3 41. Qd2 $16) 40. Bd6+ Ka8
41. Qb3 Qxg3 42. Ka2 Qe3 43. a4 Qd2 {[#]} 44. Nb4 $4 {[%mdl 8192] This is a
painful blunder.} (44. Qb5 $1 {was still good for a draw by perpetual.} Qxd3
45. Qe8+ Kb7 46. Qd7+ Ka6 47. Qb5+ $11) 44... Rc3 $1 {catching the Q!} 0-1